Church and human sexuality (Record no. 23629)

MARC details
000 -LEADER
fixed length control field 00391cam a2200157 i 4500
020 ## - INTERNATIONAL STANDARD BOOK NUMBER
ISBN 9789388945806
082 ## - DEWEY DECIMAL CLASSIFICATION NUMBER
Classification number 230
Author Cutter THE
100 1# - MAIN ENTRY--AUTHOR NAME
Author name Theodore, Arvind
245 10 - TITLE STATEMENT
Title Church and human sexuality
260 ## - PUBLICATION, DISTRIBUTION, ETC. (IMPRINT)
Place of publication Delhi
Name of publisher ISPCK
Year of publication 2020
300 ## - PHYSICAL DESCRIPTION
Number of Pages xxix, 165 pages ;
490 0# - SERIES STATEMENT
Series statement Reimagining church as event : perspectives from the margins
650 #0 - SUBJECT ADDED ENTRY--TOPICAL TERM
Topical Term Sex
942 ## - ADDED ENTRY ELEMENTS (KOHA)
Koha item type Books
Holdings
Home library Current library Shelving location Date acquired Source of acquisition Cost, normal purchase price Full call number Accession Number Koha item type
Henry Martyn Institute Library Henry Martyn Institute Library General stacks 10/08/2025 Director 180.00 230 THE 11004511 Books
                   Copyright © 2026 | Henry Martyn Institute | Hyderabad | TS-500052 | INDIA | Implemented by hmi.edu.in
Hit-Count:

Powered by Koha